Представление документа в формате MARC21

Поле Инд. ПП Название Значение
Тип записи a
Библиографический уровень m
001 Контрольный номер RU/IS/BASE/101831973
005 Дата корректировки 20250828120048.8
020 00 a ISBN 5-7133-0998-3
020 00 a ISBN 5-7133-0980-0
020 00 a ISBN 0-582-27796-5
084 a Индекс другой классификации/Индекс ББК 66.4(0),01; 65.03(0); 63.3(0)6-6
090 00 a Полочн. индекс 66.4(0),01
x Авторский знак К 178
097 00 a 230
100 10 a Автор Кальвокоресси П.
q Полное имя Кальвокоресси Питер; Calvocoressi Peter
u Дополнение к имени Calvocoressi P.
245 00 a Заглавие Мировая политика после 1945 года
b Продолж. заглавия в 2 кн.: перевод с английского
c Ответственность общая редакция, вступительная статья В. О. Печатнова; редактор Л. А. Завальная
n Номер части/ раздела Кн.1
246 01 a Другая форма заглавия World Politics since 1946
260 00 a Место издания Москва
b Издательство Международные отношения
c Дата издания 2000
300 00 a Объем 592 с.
e Сопроводительные материалы карты
336 a Термин вида содержания Текст
337 a Термин типа средства непосредственный
504 00 a Библиография Перечень карт: с. 8. - Примеч. - Прил. - Справарь
521 00 a Примеч. о целев. назн. политики-международники
600 14 a Персоналии Горбачев Михаил Сергеевич
a Персоналии Ельцин Борис Николаевич
a Персоналии Кальвокоресси Питер
a Персоналии Мао Цзэдун
a Персоналии Насер Гамаль Абдель
a Персоналии Рузвельт Франклин Делано (32-й президент США)
a Персоналии Садат Анвар
a Персоналии Сталин Иосиф Виссарионович
a Персоналии Трумэн Гарри (33-й президент США)
a Персоналии Хомейни Рухолла Аль-Мусави
a Персоналии Хрущев Никита Сергеевич
a Персоналии Хусейн Саддам
a Персоналии Черчилль Уинстон Леонард Спенсер
650 04 a Основная рубрика внешняя политика
a Основная рубрика политика
653 00 a Ключевые слова XX век
a Ключевые слова Албания
a Ключевые слова аннексия
a Ключевые слова Антарктида
a Ключевые слова арабы
a Ключевые слова АСЕАН (Ассоциация государств Юго-Восточной Азии)
a Ключевые слова Багдадский пакт
a Ключевые слова баски
a Ключевые слова Ближний Восток
a Ключевые слова Босния
a Ключевые слова войны
a Ключевые слова Восточная Европа
a Ключевые слова Всемирная торговая организация (ВТО)
a Ключевые слова Всемирный банк
a Ключевые слова Вторая мировая война 1939-1945
a Ключевые слова геноцид
a Ключевые слова Германия
a Ключевые слова Герцеговина
a Ключевые слова глобалистика
a Ключевые слова гонка вооружений
a Ключевые слова государственная граница
a Ключевые слова государственная независимость
a Ключевые слова государственная целостность
a Ключевые слова государственные перевороты
a Ключевые слова государственный суверенитет
a Ключевые слова государство
a Ключевые слова демографические процессы
a Ключевые слова демократия
a Ключевые слова дипломатия
a Ключевые слова Европа
a Ключевые слова Европейский союз (ЕС)
a Ключевые слова жизненный уровень
a Ключевые слова Западная Европа
a Ключевые слова идеология
a Ключевые слова Йемен
a Ключевые слова Иерусалим
a Ключевые слова Израэль
a Ключевые слова интернационализация
a Ключевые слова информационная революция
a Ключевые слова Ирак
a Ключевые слова Иран
a Ключевые слова история
a Ключевые слова Кипр
a Ключевые слова Китай
a Ключевые слова колонии
a Ключевые слова коммунизм
a Ключевые слова Кувейт
a Ключевые слова курды
a Ключевые слова Ливан
a Ключевые слова Лига наций
a Ключевые слова Македония
a Ключевые слова международное право
a Ключевые слова международное сотрудничество
a Ключевые слова международные организации
a Ключевые слова международные отношения
a Ключевые слова Международный валютный фонд (МВФ)
a Ключевые слова мировая торговля
a Ключевые слова мировой порядок
a Ключевые слова мировые державы
a Ключевые слова научный потенциал
a Ключевые слова национализм
a Ключевые слова национальная культура
a Ключевые слова национальное государство
a Ключевые слова национальные границы
a Ключевые слова национальные конфликты
a Ключевые слова национальные отношения
a Ключевые слова нефть
a Ключевые слова Организация Объединенных Наций (ООН)
a Ключевые слова оружие массового поражения
a Ключевые слова Персидский залив
a Ключевые слова политическая агрессия
a Ключевые слова политические дивиденты
a Ключевые слова политический кризис
a Ключевые слова политология
a Ключевые слова правопорядок (правовой порядок)
a Ключевые слова развивающиеся страны
a Ключевые слова региональные конфликты
a Ключевые слова религиозные отношения
a Ключевые слова Саудовская Аравия
a Ключевые слова сверхдержавы
a Ключевые слова Северная Ирландия
a Ключевые слова сербы
a Ключевые слова словены
a Ключевые слова Совет Безопасности ООН
a Ключевые слова советский период
a Ключевые слова Содружество Независимых Государств (СНГ)
a Ключевые слова социализм
a Ключевые слова социально-политические отношения
a Ключевые слова СССР
a Ключевые слова страны мира
a Ключевые слова суэцкий кризис
a Ключевые слова США
a Ключевые слова сырьевые ресурсы
a Ключевые слова тактическое оружие
a Ключевые слова транснациональные корпорации (ТНК)
a Ключевые слова транснациональный капитал
a Ключевые слова фашизм
a Ключевые слова федерализм
a Ключевые слова холодная война
a Ключевые слова хорваты
a Ключевые слова Центральная Европа
a Ключевые слова шииты
a Ключевые слова экономическая блокада
a Ключевые слова экономическая интеграция
a Ключевые слова экономическая мощь
a Ключевые слова экономическая оккупация
a Ключевые слова экономические реформы
a Ключевые слова экономический кризис
a Ключевые слова экономический потенциал
a Ключевые слова экспансия
a Ключевые слова экстремизм
a Ключевые слова Югославия
a Ключевые слова Южная Европа
a Ключевые слова ядерное оружие (атомное оружие)
a Ключевые слова Япония
700 10 a Автор Печатнов В. О.
e Роль лиц редактор; автор вступительной статьи
700 10 a Автор Завальная Л. А.
e Роль лиц редактор
901 t Тип документа m
952 a Тип литературы для КСУ ВШ НАУ